000 00261nam a2200121Ia 4500
008 190216s9999||||xx |||||||||||||| ||und||
100 _aAbraham Mathew
245 0 _aKanyaka
260 _bPoorna Pubs Kozhikode
300 _a55
650 _aNovel
942 _cBK
999 _c27765
_d27765